01572nam a2200385 i 4500001000700000003000800007005001700015006001900032007001500051008004100066020002700107040003100134050002700165080001700192082001600209100003000225245024300255264006200498300004000560336003100600337003300631338004300664504004300707588013000750650002300880650003500903650001800938650001400956651001400970655002700984700004601011700004501057035002201102856006201124146201FlNmELB20241217182125.0m o u cr cn|||||||||190110s2014 ck ob 000 0 spa d a9789588399751 (e-book) aFINmELBbspaerdacFINmELB14aPN1992.8.S4bV297 2014 a654.197(862)04a791.4562231 aVargas León, Ancízar.10aTelevisión enlatada :bcaracterísticas ideológicas de los seriados de la televisión estadounidense emitidos en Colombia entre 1955 y 1990 /cAncízar Vargas León, Fernando Aquiles Arango Navarro, María Cristina Loaiza Pineda. 1aMedellín :bUniversidad Católica Luis Amigó,c2014. a1 recurso en línea (95 páginas) atextobtxt2rdacontent/spa acomputadorabc2rdamedia/spa arecurso en líneabcr2rdacarrier/spa aContiene referencias bibliográficas. aDescripción basada en recurso en línea; Título de la página del título en PDF (elibro, visto el 10 de enero, 2019). 0aTelevision series. 0aTelevisionzColombiaxHistory. 4aTelevisión. 4aHistoria. 4aColombia. 4aLibros electrónicos.1 aArango Navarro, Fernando Aquiles,eautor.1 aLoaiza Pineda, María Cristina,eautor. a(OCoLC)110586268240uhttps://elibro.net/ereader/politecnicointernacional/70853